Thế giới quanh ta. t.I, Khám phá tự nhiên /

Đã lưu trong:
Sonraí Bibleagrafaíochta
Údair Eile: Cù Thị Vân Anh (sưu tầm, biên dịch), Hà Việt Anh (sưu tầm, biên dịch), Nguyễn Thị Mai Hồng (sưu tầm, biên dịch), Phan Hằng Phương (sưu tầm, biên dịch), Trần Phú Thành (sưu tầm, biên dịch), Trần Vĩnh Phúc (sưu tầm, biên dịch)
Formáid: Sách giấy
Teanga:Vietnamese
Foilsithe: H. : Giáo dục, 2006
Eagrán:Tái bản lần thứ 2 có chỉnh lý
Sraith:Tri thức bách khoa phổ thông
Ábhair:
Clibeanna: Cuir Clib Leis
Gan Chlibeanna, Bí ar an gcéad duine leis an taifead seo a chlibeáil!
Thư viện lưu trữ: Thư viện Trường Đại học Đà Lạt
LEADER 01191nam a2200373 4500
001 DLU070060207
005 ##20070807
040 # # |a DLU  |b vie 
041 # # |a vie 
044 # # |a vn 
082 # # |a 001  |b The 
245 # # |a Thế giới quanh ta.  |n t.I,  |p Khám phá tự nhiên /  |c Hà Việt Anh,... [và những người khác] sưu tầm, biên dịch 
250 # # |a Tái bản lần thứ 2 có chỉnh lý 
260 # # |a H. :  |b Giáo dục,  |c 2006 
300 # # |a 699 tr. ;  |c 24 cm. 
490 # # |a Tri thức bách khoa phổ thông 
650 # # |a Khoa học thường thức. 
700 # # |a Cù Thị Vân Anh,  |e sưu tầm, biên dịch 
700 # # |a Hà Việt Anh,  |e sưu tầm, biên dịch 
700 # # |a Nguyễn Thị Mai Hồng,  |e sưu tầm, biên dịch 
700 # # |a Phan Hằng Phương,  |e sưu tầm, biên dịch 
700 # # |a Trần Phú Thành,  |e sưu tầm, biên dịch 
700 # # |a Trần Vĩnh Phúc,  |e sưu tầm, biên dịch 
923 # # |a 15/2007 
990 # # |a t.I 
992 # # |a 85800 
994 # # |a DLU 
900 # # |a True 
911 # # |a Nguyễn Thanh Hương 
925 # # |a G 
926 # # |a A 
927 # # |a SH 
980 # # |a Thư viện Trường Đại học Đà Lạt